书目信息 |
| 题名: |
中国多民族文学史论
|
|
| 作者: | 邓敏文 | |
| 分册: | ||
| 出版信息: | 北京 社会科学文献出版社 34943 |
|
| 页数: | 253页 | |
| 开本: | 20cm | |
| 丛书名: | ||
| 单 册: | ||
| 中图分类: | I059.9 | |
| 科图分类: | ||
| 主题词: | 文学理论--各体 , 创作方法--各体 | |
| 电子资源: | ||
| ISBN: | 7-80050-602-9 | |
| 000 | 00562nam0 2200193 450 | |
| 001 | 0728815141 | |
| 005 | 20070819080015.14 | |
| 010 | @a7-80050-602-9@d¥13.60 | |
| 100 | @a20070819d km y0chiy0120 ea | |
| 101 | 0 | @achi |
| 200 | 1 | @a中国多民族文学史论@Azhong guo duo min zu wen xue shi lun@f邓敏文@Fdeng min wen |
| 210 | @a北京@c社会科学文献出版社@d34943 | |
| 215 | @a253页@d20cm | |
| 606 | 0 | @a文学理论@x各体 |
| 606 | 0 | @a创作方法@x各体 |
| 690 | @aI059.9@v3 | |
| 701 | 0 | @a邓敏文@Adeng min wen |
| 801 | 0 | @aCN@bPFT@c20070819 |
| 905 | @a213230@dI059.9@eZW332@f1 | |
| 中国多民族文学史论/邓敏文.-北京:社会科学文献出版社,34943 |
| 253页;20cm |
| ISBN 7-80050-602-9:¥13.60 |
| ● |
| 相关链接 |
|
|
|
|
正题名:中国多民族文学史论
索取号:I059.9/ZW332
 
预约/预借
| 序号 | 登录号 | 条形码 | 馆藏地/架位号 | 状态 | 备注 |
| 1 | 7604882 | 276048821 | 密集书库-文学院/ [索取号:I059.9/ZW332] | 在馆 |